00315nam a2200133Ia 4500008004100000020001500041041001200056082001600068100001500084245003300099260002500132300000800157650001600165221030s9999 xx 000 0 und d a8120314808 aEnglish a105.23bWes aD. B. West 0aIntroduction to Graph Theory bPHIaNew Delhic1999 a512 aBE Computer